000
00295nam a22001217a 4500
999
_c
13658
_d
13658
020
_a
9781119634553
082
_a
378.16
100
_a
ACT
245
_a
The Official ACT
_b
Reading Guide
_c
ACT Publication
260
_a
New Jersey
_b
John Wiley & Sons
_c
2020
300
_a
vii, 280 pages
942
_c
BK